000 00259nam a2200109Ia 4500
008 220216s9999 xx 000 0 und d
100 _aMohanakumar S
245 0 _aRubber krishiyude maarunna mukham
260 _bRubber
_c2008
300 _a21-23.
942 _cML
999 _c72833
_d72833